Parking lot management system using raspberry Pi (Record no. 5751)

MARC details
000 -LEADER
fixed length control field 00483nam a22001817a 4500
003 - CONTROL NUMBER IDENTIFIER
control field OSt
005 - DATE AND TIME OF LATEST TRANSACTION
control field 20220107122830.0
008 - FIXED-LENGTH DATA ELEMENTS--GENERAL INFORMATION
fixed length control field 170724b xxu||||| |||| 00| 0 eng d
040 ## - CATALOGING SOURCE
Transcribing agency IIITMK
100 ## - MAIN ENTRY--PERSONAL NAME
Personal name Aditya Nagesh (Internship)
9 (RLIN) 12381
245 ## - TITLE STATEMENT
Title Parking lot management system using raspberry Pi
300 ## - PHYSICAL DESCRIPTION
Extent Internship-2017
502 ## - DISSERTATION NOTE
Degree type INTERNSHIP
Name of granting institution JULY-2017
Year degree granted EXT
650 ## - SUBJECT ADDED ENTRY--TOPICAL TERM
Topical term or geographic name entry element ULTRASOUND
9 (RLIN) 12382
650 ## - SUBJECT ADDED ENTRY--TOPICAL TERM
Topical term or geographic name entry element SENSOR
9 (RLIN) 12383
650 ## - SUBJECT ADDED ENTRY--TOPICAL TERM
Topical term or geographic name entry element VEHICLE
9 (RLIN) 12384
942 ## - ADDED ENTRY ELEMENTS (KOHA)
Source of classification or shelving scheme Dewey Decimal Classification
Koha item type
Holdings
Withdrawn status Lost status Source of classification or shelving scheme Damaged status Not for loan Collection code Home library Current library Shelving location Date acquired Total Checkouts Barcode Date last seen Price effective from Koha item type
    Dewey Decimal Classification     Non Fiction IIITM-K Kerala University of Digital Sciences, Innovation and Technology Knowledge Centre   24/07/2017   R-1282 24/07/2017 24/07/2017 Project Reports